British Sports Stars By Surname - Letters U & V (Photo Quiz) - Statistics

General Stats
  • This quiz has been taken 15 times
  • The average score is 7 of 12
Answer Stats
Picture Hint Answer % Correct
V: Born 1987 Football Jamie Vardy
93%
U: Born 1963 Rugby Union Rory Underwood
87%
V: 1946 - 2026 Snooker John Virgo
80%
V: 1943-2023 Football Terry Venables
80%
V: Born 1974 Cricket Michael Vaughan
73%
U: Born 1979 Football Matthew Upson
67%
U: 1945-2024 Cricket Derek Underwood
53%
U: Born 1939 Football Ian Ure
47%
V: 1905-1943 Cricket Hedley Verity
33%
U: Born 1994 Athletics CJ (Chijindu) Ujah
13%
V: Born 1945 Athletics Judy Vernon
13%
U: Born 1991 Athletics Lorraine Ugen
13%
No matching quizzes found
Score Distribution
Percent of People with Each Score
Percentile by Number Answered
Your Score History
You have not taken this quiz